Normal view
MARC view
- التاريخ الاسلامي-الحضارة الاسلامية-البلاد الاسلامية-تاريخ
Entry Topical Term
001 - CONTROL NUMBER
- control field: 60401
003 - CONTROL NUMBER IDENTIFIER
- control field: JO-AjAnu
005 - DATE AND TIME OF LATEST TRANSACTION
- control field: 20230606083855.0
008 - FIXED-LENGTH DATA ELEMENTS
- fixed length control field: 230606|| aca||aabn | a|a d
040 ## - CATALOGING SOURCE
- Original cataloging agency: JO-AjAnu
- Transcribing agency: JO-AjAnu
150 ## - HEADING--TOPICAL TERM
- Topical term or geographic name entry element: التاريخ الاسلامي-الحضارة الاسلامية-البلاد الاسلامية-تاريخ
670 ## - SOURCE DATA FOUND
- Source citation: Work cat.: (JO-AjAnu)30802: ابن كثير،عماد الدين ابي الفداء اسماعيل بن كثير القرشي الدمشقي؛خرج احاديثه: احمد بن شعبان احمد، محمد بن عيادي بن عبدالحليم, author 60400, البداية والنهاية، ج5-6